Mots qui contiennent un animal #2 - Statistiques

Statistiques générales
  • Ce quiz a été pris 10 969 fois
  • Le résultat moyen est 14 sur 20
Statistiques - réponses
Indices Réponses % Correct
Course à pied sur route d'une distance de 42,195 kilomètres Mara{thon}
98%
Passage pour circuler d'une pièce à une autre Cou{loir}
95%
On en a tous un dans la tête Cer{veau}
94%
Premier doigt de la main {Pou}ce
92%
Émotion de satisfaction ou de plaisir J{oie}
91%
Arme défensive servant à se protéger d'une attaque {Bouc}lier
90%
Petite plaque qui recouvre la peau d'un poisson É{caille}
86%
Abracadabra en est une magique For{mule}
85%
Fleur nationale de la Corée du Sud H{ibis}cus
84%
Objet permettant d'agrandir la vue sur ce que l'on regarde avec {Loup}e
82%
Cavité où se rencontrent plusieurs vaisseaux lymphatiques Gang{lion}
75%
Redonner des forces {Requin}quer
75%
Phrase qui exprime un sentiment fort Exc{lama}tive
62%
Petit combat entre des soldats isolés Escar{mouche}
58%
Elle peut être de boeuf ou de poulet sur un barbecue {Brochet}te
56%
Habitant de Besançon {Bison}tin
45%
Technique agricole consistant à étaler divers produits sur des zones cultivées, É{panda}ge
37%
Lieu boisé où les lapins vivent à l'état sauvage Ga{renne}
37%
Soulèvement d'une foule pour semer de l'agitation ou du trouble {Émeu}te
35%
Nom donné aux cartes du jeu de tarot divinatoire Ar{cane}
11%
Aucun quiz correspondant
Distribution des résultats
% des personnes avec chaque résultat
Percentile par nombre de réponses
Votre historique - résultats
Vous n’avez pas pris ce quiz